Statistics for All Premier League, La Liga, Serie A, Bundesliga, and Ligue 1 teams - 2017/2018.

Click here to take the quiz!

General Stats

  • This quiz has been taken 435 times
  • The average score is 64 of 98

Answer Stats

LeagueAnswer% Correct
Premier League 2017/2018Manchester City
97%
Premier League 2017/2018Arsenal
97%
Premier League 2017/2018Manchester United
96%
Premier League 2017/2018Liverpool
94%
Premier League 2017/2018Chelsea
93%
La Liga 2017/2018Real Madrid
93%
La Liga 2017/2018Barcelona
93%
Premier League 2017/2018Tottenham
92%
Ligue 1 2017/2018PSG
91%
Serie A 2017/2018Juventus
91%
La Liga 2017/2018Atlético Madrid
91%
Serie A 2017/2018Inter
91%
Bundesliga 2017/2018Bayern Munich
87%
Serie A 2017/2018AC Milan
86%
Bundesliga 2017/2018Borussia Dortmund
85%
Serie A 2017/2018Roma
84%
La Liga 2017/2018Valencia
84%
Ligue 1 2017/2018Lyon
84%
La Liga 2017/2018Sevilla
83%
Ligue 1 2017/2018Marseille
83%
Premier League 2017/2018West Ham
83%
Premier League 2017/2018Everton
83%
Premier League 2017/2018Leicester City
82%
Serie A 2017/2018Lazio
82%
Serie A 2017/2018Napoli
81%
Premier League 2017/2018Newcastle United
79%
La Liga 2017/2018Athletic Bilbao
79%
Ligue 1 2017/2018Monaco
78%
Premier League 2017/2018Southampton
77%
Ligue 1 2017/2018Lille
77%
La Liga 2017/2018Real Betis
75%
Bundesliga 2017/2018Bayer Leverkusen
75%
Premier League 2017/2018Brighton & Hove Albion
74%
Serie A 2017/2018Fiorentina
71%
Bundesliga 2017/2018Schalke 04
70%
Bundesliga 2017/2018VfL Wolfsburg
69%
Premier League 2017/2018Burnley
69%
Ligue 1 2017/2018Nice
69%
Premier League 2017/2018Crystal Palace
69%
La Liga 2017/2018Real Sociedad
69%
Serie A 2017/2018Atalanta
68%
Bundesliga 2017/2018RB Leipzig
68%
Ligue 1 2017/2018Bordeaux
68%
Bundesliga 2017/2018Hamburger SV
67%
Premier League 2017/2018Watford
66%
Bundesliga 2017/2018Borussia Mönchengladbach
66%
Premier League 2017/2018Swansea City
65%
Serie A 2017/2018Torino
65%
Premier League 2017/2018Bournemouth
65%
Premier League 2017/2018Stoke City
64%
Bundesliga 2017/2018Eintracht Frankfurt
64%
Ligue 1 2017/2018Rennes
64%
Premier League 2017/2018West Brom
64%
La Liga 2017/2018Espanyol
63%
Ligue 1 2017/2018Nantes
63%
Bundesliga 2017/2018VfB Stuttgart
62%
Bundesliga 2017/2018Hertha BSC
61%
Bundesliga 2017/20181. FC Köln
61%
Bundesliga 2017/2018Werder Bremen
60%
La Liga 2017/2018Málaga
59%
Serie A 2017/2018Udinese
59%
Serie A 2017/2018Genoa
59%
Serie A 2017/2018Sampdoria
58%
Ligue 1 2017/2018Montpellier
57%
La Liga 2017/2018Getafe
57%
Ligue 1 2017/2018Toulouse
56%
Premier League 2017/2018Huddersfield Town
56%
Serie A 2017/2018Bologna
56%
Serie A 2017/2018Cagliari
55%
Ligue 1 2017/2018Saint-Étienne
55%
La Liga 2017/2018Levante
54%
Bundesliga 2017/20181899 Hoffenheim
53%
La Liga 2017/2018Alavés
53%
Serie A 2017/2018Sassuolo
52%
La Liga 2017/2018Deportivo La Coruña
52%
Bundesliga 2017/2018FC Augsburg
51%
La Liga 2017/2018Villarreal
51%
Ligue 1 2017/2018Strasbourg
51%
Bundesliga 2017/2018Mainz 05
48%
La Liga 2017/2018Celta Vigo
48%
Serie A 2017/2018Chievo
47%
La Liga 2017/2018Eibar
47%
Bundesliga 2017/2018SC Freiburg
46%
Ligue 1 2017/2018Metz
46%
Serie A 2017/2018Hellas Verona
44%
Ligue 1 2017/2018Angers
42%
Ligue 1 2017/2018Dijon
42%
Ligue 1 2017/2018Amiens
41%
La Liga 2017/2018Girona
40%
La Liga 2017/2018Leganés
39%
La Liga 2017/2018Las Palmas
39%
Serie A 2017/2018Benevento
39%
Ligue 1 2017/2018Caen
38%
Ligue 1 2017/2018Guingamp
36%
Serie A 2017/2018SPAL
36%
Serie A 2017/2018Crotone
30%
Ligue 1 2017/2018Troyes
29%
Bundesliga 2017/2018Hannover 96
27%

Score Distribution

Percentile by Number Answered

Percent of People with Each Score

Your Score History

You have not taken this quiz